Conference on Chavín /

Zapisane w:
Opis bibliograficzny
Korporacja: Conference on Chavín ( Dumbarton Oaks, Washington)
Kolejni autorzy: Benson, Elizabeth P. (edición) (edición)
Format: Materiały konferencyjne Książka
Język:angielski
Wydane: Washington, EUA : Trustees for Harvard University, Dumbarton Oaks, 1971, c1971
Etykiety: Dodaj etykietę
Nie ma etykietki, Dołącz pierwszą etykiete!

MARC

LEADER 00000nam^a2200000^a^4500
001 000556968
005 20250526000000.0
009 20260310131750.947
037 |a Acervo ITESO - Biblioteca 
041 |a ING 
091 |a FHA. 01578 
111 |a Conference on Chavín (  |d 1968 :  |c Dumbarton Oaks, Washington) 
245 1 0 |a Conference on Chavín / 
264 4 |a Washington, EUA :  |b Trustees for Harvard University, Dumbarton Oaks,  |c 1971, c1971 
300 |a VII, 124 p. ;  |c 24.5 cm. 
336 |a texto  |b txt  |2 rdacontenido 
337 |a sin mediación  |b n  |2 rdamedio 
338 |a volumen  |b nc  |2 rdasoporte 
515 |a Inventario familia Hartung: 2034 
649 |a XX 
700 |a Benson, Elizabeth P.  |e (edición) 
910 |a Fondo Horst Hartung Franz 
920 |a Impresos - Libros 
930 |a Libros Antiguos y Raros 
905 |a 135 
901 |a 0500327737  |b IT2  |c LRA  |i D  |u 20250526 
902 |a https://opac.biblio.iteso.mx/vufind/Record/000556968